Semblanzas veterinarias / (Record no. 11680)

MARC details
000 -LEADER
campo de control de longitud fija 00943nam a2200265 i 4500
001 - NÚMERO DE CONTROL
campo de control 11680
003 - IDENTIFICADOR DE NÚMERO DE CONTROL
campo de control ES-MaACL
005 - FECHA Y HORA DE LA ÚLTIMA TRANSACCIÓN
campo de control 20230906150142.0
007 - CAMPO FIJO DE DESCRIPCIÓN FÍSICA--INFORMACIÓN GENERAL
campo de control de longitud fija t|
008 - DATOS DE LONGITUD FIJA--INFORMACIÓN GENERAL
campo de control de longitud fija 000000m19732011sp a |||| |cspa d
020 ## - NÚMERO INTERNACIONAL ESTÁNDAR DEL LIBRO
Número Internacional Estándar del Libro 84-400-5733-4
080 ## - NÚMERO DE LA CLASIFICACIÓN DECIMAL UNIVERSAL
Número de la Clasificación Decimal Universal 636.09:614.25(460)
080 ## - NÚMERO DE LA CLASIFICACIÓN DECIMAL UNIVERSAL
Número de la Clasificación Decimal Universal 636.09(460)(091)
245 00 - MENCIÓN DEL TÍTULO
Título Semblanzas veterinarias /
Mención de responsabilidad, etc. M. Cordero del Campillo, C. Ruiz Martínez, B. Madariaga de la Campa (co-directores).
260 ## - PUBLICACIÓN, DISTRIBUCIÓN, ETC.
Lugar de publicación, distribución, etc. León :
Nombre del editor, distribuidor, etc. [s.n.] ;
Lugar de publicación, distribución, etc. Madrid :
Nombre del editor, distribuidor, etc. Consejo General de Colegios Veterinarios,
Fecha de publicación, distribución, etc. 1973-2011.
300 ## - DESCRIPCIÓN FÍSICA
Extensión 3 v. :
Otras características físicas il. ;
Dimensiones 26 cm.
500 ## - NOTA GENERAL
Nota general Índice.
650 #4 - PUNTO DE ACCESO ADICIONAL DE MATERIA--TÉRMINO DE MATERIA
Término de materia o nombre geográfico como elemento de entrada Veterinarios-
Subdivisión geográfica España.
9 (RLIN) 17771
650 #4 - PUNTO DE ACCESO ADICIONAL DE MATERIA--TÉRMINO DE MATERIA
Término de materia o nombre geográfico como elemento de entrada Veterinaria-
Subdivisión geográfica España.
9 (RLIN) 142545
700 1# - ENTRADA AGREGADA--NOMBRE PERSONAL
Nombre de persona Ruiz Martínez, Carlos.
9 (RLIN) 100867
700 1# - ENTRADA AGREGADA--NOMBRE PERSONAL
Nombre de persona Madariaga de la Campa, Benito.
9 (RLIN) 75296
700 1# - ENTRADA AGREGADA--NOMBRE PERSONAL
Nombre de persona Cordero del Campillo, Miguel.
9 (RLIN) 40521
710 2# - ENTRADA AGREGADA--NOMBRE DE ENTIDAD CORPORATIVA
Nombre de entidad corporativa o nombre de jurisdicción como elemento de entrada Consejo General de Colegios Veterinarios de España.
9 (RLIN) 3215
852 ## - LOCALIZACIÓN
Ubicación ES-MaACL
Número de control de estantería P-1048
Holdings
Estatus retirado Estado de pérdida Estado de daño No para préstamo Biblioteca de origen Biblioteca actual Ubicación en estantería Fecha de adquisición Fuente de adquisición Total de préstamos Signatura topográfica completa Código de barras Visto por última vez Precio de reemplazo Tipo de ítem Koha
        Biblioteca del Ateneo de Madrid Biblioteca del Ateneo de Madrid Depósito 2 17/01/2008     P-1048 1011904 23/02/2023 23/02/2023 Libro impreso